Quiz de Comores - Statistics

Estatísticas Gerais
  • Esse quiz foi jogado 548 vezes
  • A pontuação média é 8 de 14
Estatísticas das Respostas
Dica Resposta % Correto
Oceano onde Comores está localizado Oceano {Índico}
92%
Países mais próximos Madagascar
89%
Línguas oficiais Francês
88%
Países mais próximos Moçambique
81%
Religião oficial Islã
77%
Tipo de crise política que teve em Comores em 1975, 1978, 1989, 1995 e 1999 {Golpe} de Estado
69%
Línguas oficiais Árabe
55%
Primeiro explorador europeu a visitar Comores, em 1503 Vasco da Gama
52%
Capital Moroni
49%
Ilha próxima que votou em 1974 para permanecer parte da França, em vez de se juntar às Comores Mayotte
43%
A maior ilha de Comores {Grande} Comore
41%
Línguas oficiais Comoriano
32%
Estas representam 40% das exportações comorianas Especiarias
14%
Monte que entrou em erupção mais de 20 vezes desde 1900 Karthala
14%
Nenhum quiz correspondente encontrado
Distribuição das Pontuações
Porcentagem de Pessoas com Cada Pontuação
Percentil de Números Respondidos
Sua Pontuação Histórica
Você não jogou esse quiz